[Event "Montigny le Bretonneux Noel op 06th"]
[Site "Montigny le Bretonneux"]
[Date "2003.12.28"]
[Round "4"]
[White "Belz, Florian"]
[Black "Billoire, Clement"]
[Result "1/2-1/2"]
[WhiteElo "1800"]
[BlackElo "2050"]
[PlyCount "72"]
[EventDate "2003.12.26"]
[EventType "swiss"]
[EventRounds "6"]
[EventCountry "FRA"]
[SourceTitle "CBM 097 Extra"]
[Source "ChessBase"]
[SourceDate "2004.01.13"]
[SourceVersion "1"]
[SourceVersionDate "2004.01.13"]
[SourceQuality "1"]

1. e4 c5 2. Nf3 Nc6 3. d4 cxd4 4. Nxd4 Nf6 5. Nc3 e5 6. Nb3 Bb4 7. Bd3 h6 8. Bd2 Bxc3 9. Bxc3 d5 10. exd5 Nxd5 11. Bc4 Nxc3 12. Qf3 0-0 13. Qxc3 Qe7 14. 0-0 Qb4 15. Qxb4 Nxb4 16. c3 Nc6 17. Rfe1 Re8 18. Bb5 a6 19. Bxc6 bxc6 20. Re3 a5 21. Rae1 a4 22. Nc5 f6 23. f4 Ra5 24. Nd3 Bf5 25. fxe5 Bxd3 26. Rxd3 Raxe5 27. Rxe5 Rxe5 28. Rd4 Rb5 29. Rxa4 Rxb2 30. Ra6 Rc2 31. Rxc6 Rxa2 32. c4 Rc2 33. h3 Kf7 34. Rc7+ Kg6 35. g4 h5 36. gxh5+ Kxh5 1/2-1/2

[Event "Yvelines-ch"]
[Site "Fontenay le Fleury"]
[Date "2003.02.09"]
[Round "3.13"]
[White "Plantet, Marc"]
[Black "Belz, Florian"]
[Result "0-1"]
[WhiteElo "2088"]
[BlackElo "1690"]
[PlyCount "42"]
[EventDate "2003.02.17"]
[EventType "swiss"]
[EventRounds "7"]
[EventCountry "FRA"]
[SourceTitle "EXT 2004"]
[Source "ChessBase"]
[SourceDate "2003.11.25"]
[SourceVersion "1"]
[SourceVersionDate "2003.11.25"]
[SourceQuality "1"]

1. b4 e5 2. Bb2 Bxb4 3. f4 d6 4. Nf3 Nc6 5. e4 Nf6 6. Bc4 Qe7 7. 0-0 Be6 8. Bb5 0-0 9. c3 Ba5 10. Bxc6 bxc6 11. Kh1 Nxe4 12. Qa4 Nc5 13. Qxa5 exf4 14. Ne5 Qg5 15. Nd3 Bc4 16. Rf3 Rfe8 17. Na3 Bxd3 18. Rxd3 Re2 19. g3 fxg3 20. Rxg3 Qxd2 21. Rxg7+ Kxg7 0-1

[Event "Saint Quentin op 4th"]
[Site "Saint Quentin"]
[Date "2001.04.18"]
[Round "5.32"]
[White "Belz, Florian"]
[Black "Valbuena, Alvaro"]
[Result "1/2-1/2"]
[WhiteElo "1700"]
[BlackElo "1910"]
[PlyCount "107"]
[EventDate "2001.04.15"]
[EventType "swiss"]
[EventRounds "9"]
[EventCountry "FRA"]
[SourceTitle "EXT 2002"]
[Source "ChessBase"]
[SourceDate "2001.11.25"]
[SourceVersion "1"]
[SourceVersionDate "2001.11.25"]
[SourceQuality "1"]

1. c4 c5 2. Nc3 Nc6 3. b3 b6 4. g3 Bb7 5. Bg2 Nf6 6. Bb2 e6 7. e3 d5 8. cxd5 exd5 9. Nf3 Bd6 10. 0-0 0-0 11. Nb5 Be7 12. Ne5 a6 13. Nxc6 Bxc6 14. Nc3 Rc8 15. d4 Ne4 16. Nxe4 dxe4 17. dxc5 Bxc5 18. Qg4 f6 19. Bxe4 Qd2 20. Qe6+ Kh8 21. Bxc6 Qxb2 22. Bb7 Rce8 23. Qc4 a5 24. a4 Rd8 25. Rad1 Qe5 26. Rd3 Qc7 27. Bd5 Rd6 28. Rfd1 f5 29. Bf3 Rfd8 30. Rxd6 Rxd6 31. Rxd6 Qxd6 32. Qd5 Qf8 33. Kg2 h6 34. Qa8 Qxa8 35. Bxa8 g5 36. Bd5 Kg7 37. e4 Kf6 38. f4 fxe4 39. Bxe4 gxf4 40. gxf4 h5 41. Kg3 Kg7 42. Kh4 Kh6 43. Kg3 Kg7 44. h3 Bb4 45. Kf3 Kf6 46. Ke3 h4 47. Kd4 Bd2 48. f5 Bb4 49. Kc4 Ke5 50. Bd3 Bc5 51. Kb5 Kd4 52. Bc4 Ke5 53. Kc6 Kxf5 54. Be2 1/2-1/2

[Event "Saint Quentin op 4th"]
[Site "Saint Quentin"]
[Date "2001.04.16"]
[Round "2.49"]
[White "Dubos, Jean Luc"]
[Black "Belz, Florian"]
[Result "0-1"]
[WhiteElo "1300"]
[BlackElo "1700"]
[PlyCount "86"]
[EventDate "2001.04.15"]
[EventType "swiss"]
[EventRounds "9"]
[EventCountry "FRA"]
[SourceTitle "EXT 2002"]
[Source "ChessBase"]
[SourceDate "2001.11.25"]
[SourceVersion "1"]
[SourceVersionDate "2001.11.25"]
[SourceQuality "1"]

1. c4 Nf6 2. Nf3 e6 3. Nc3 c5 4. e4 Nc6 5. d4 cxd4 6. Nxd4 Qb6 7. Nxc6 Qxc6 8. Bd3 d6 9. b3 Be7 10. Bb2 0-0 11. Rc1 Rd8 12. Qf3 b6 13. 0-0 Bb7 14. Rfd1 Rd7 15. Ne2 e5 16. Nc3 Qc8 17. Nd5 Nxd5 18. exd5 Qd8 19. Qh5 g6 20. Qg4 Bg5 21. Rc2 f5 22. Qh3 Rf7 23. Re2 Bc8 24. Bb1 e4 25. Qc3 Bf6 26. Qc2 Bxb2 27. Qxb2 Qf6 28. Qd2 Bd7 29. Rf1 Re8 30. f3 exf3 31. Rxe8+ Bxe8 32. Rxf3 Re7 33. Rf1 Re5 34. Qd4 Qe7 35. Qf4 g5 36. Qf3 Bg6 37. Bd3 Re3 38. Qd1 Qe5 39. a4 Qd4 40. Bc2 Rd3+ 41. Kh1 Rxd1 42. Rxd1 Qb2 43. Rd2 Qc1+ 0-1